000
00304nam a22001337a 4500
008
170407b xxu||||| |||| 00| 0 eng d
020
_a
9780721601878
041
_a
eng
080
_2
7 ED
_a
616
100
_a
9
101
_a
SHM
245
_a
PATHOLOGIC BASIS O0F DISEASE
_c
KUMAR.V
942
_2
udc
_c
BK
999
_c
10096
_d
10096